Oryza sativa chloroplast DNA 134525bp

Guardat en:
Dades bibliogràfiques
Autor corporatiu: Mitsui Plan Biotechnology Research Institute
Format: Llibre
Idioma:Undetermined
Publicat: Tokyo Tsukuba Center Inc. 1989
Matèries:
Etiquetes: Afegir etiqueta
Sense etiquetes, Sigues el primer a etiquetar aquest registre!
Thư viện lưu trữ: Trung tâm Học liệu Trường Đại học Cần Thơ
LEADER 00598nam a2200205Ia 4500
001 CTU_95134
008 210402s9999 xx 000 0 und d
082 |a 660.6 
082 |b M679 
110 |a Mitsui Plan Biotechnology Research Institute 
245 0 |a Oryza sativa chloroplast DNA 134525bp 
245 0 |c Mitsui Plan Biotechnology Research Institute 
260 |a Tokyo 
260 |b Tsukuba Center Inc. 
260 |c 1989 
650 |a Biotechnology,Biologycal 
650 |x Research 
650 |z Japan,Japan 
904 |i Năm 
980 |a Trung tâm Học liệu Trường Đại học Cần Thơ